Definitívne výsledky 25. kola periodických aukcií

Definitívne výsledky 25. kola periodických aukcií organizovaných RM-Systémom Slovakia od 24.8.1994 do 6.9.1994 a prípustné cenové pásma pre 26. kolo. Abecedne usporiadaný zoznam účastinných spoločností a objem akcií, s ktorými sa obchodovalo na RM-Systéme.

Saved in:
Bibliographic Details
Format: Book Chapter
Language:Slovak
Subjects:
Tags: Add Tag
No Tags, Be the first to tag this record!

MARC

LEADER 00000naa a2200000 4500
001 r024677
005 20221213114043.0
041 0 |a slo 
044 |a SK 
245 1 0 |a Definitívne výsledky 25. kola periodických aukcií 
520 |a Definitívne výsledky 25. kola periodických aukcií organizovaných RM-Systémom Slovakia od 24.8.1994 do 6.9.1994 a prípustné cenové pásma pre 26. kolo. Abecedne usporiadaný zoznam účastinných spoločností a objem akcií, s ktorými sa obchodovalo na RM-Systéme. 
610 2 0 |a RM-Systém Slovakia 
610 2 0 |a papiere cenné 
610 2 0 |a akcie 
610 2 0 |a trh kapitálový 
610 2 0 |a obchody mimoburzové 
610 2 0 |a aukcie 
610 2 0 |a august-september 
610 2 0 |a 1994